000 00339nam a22001337a 4500
020 _a9784766116304
040 _cNUST
082 _a747 SUP
100 _aUra, Kazuya
_9110093
245 _a Super Interior Renovations
260 _aTokyo,
_bArchitectural Press,
_c2005.
650 _aInterior Decoration Japan
_9110094
942 _2ddc
_cBK
999 _c593614
_d593614